Foods beginning with A - Statistics

General Stats
  • This quiz has been taken 1,351 times
  • The average score is 7 of 8
Answer Stats
Picture Answer % Correct
Apple
100%
Avocado
98%
Almonds
93%
Asparagus
91%
Apricot
88%
Anchovies
77%
Artichoke
76%
Aubergine
73%
No matching quizzes found
Score Distribution
Percent of People with Each Score
Percentile by Number Answered
Your Score History
You have not taken this quiz